Pilgrim's Paradise - Daniel Caesar (Tracklist) - Statistics

General Stats
  • This quiz has been taken 6 times
  • The average score is 5 of 7
Answer Stats
TRACKS % Correct
Streetcar
100%
A Cappella
67%
Death & Taxes
67%
Paradise (feat. BADBADNOTGOOD & Sean Leon)
67%
Little Rowboat
50%
Show No Regret
50%
Trinity Bellwoods
50%
No matching quizzes found
Score Distribution
Percent of People with Each Score
Percentile by Number Answered
Your Score History
You have not taken this quiz